000 00354nam a2200157Ia 4500
005 20250425161458.0
008 250425s9999 xx 000 0 und d
041 _aspa
082 _aIBM4381
245 0 _aPREFABRICACION CON HORMIGON ARMADO
250 _aS.E.
260 _aS.L.
260 _aSin Pais
_bLAUT
_c1957
942 _c01
010 _a21271
999 _c210108
_d210108